Vector analysis with applications (Record no. 5838)

000 -LEADER
fixed length control field 00528nam a22002051 4500
001 - CONTROL NUMBER
control field 5838
003 - CONTROL NUMBER IDENTIFIER
control field BD-DhUET
008 - FIXED-LENGTH DATA ELEMENTS--GENERAL INFORMATION
fixed length control field 861017s1932 enka 000 0 eng c
020 ## - INTERNATIONAL STANDARD BOOK NUMBER
International Standard Book Number 8122405487
040 ## - CATALOGING SOURCE
Original cataloging agency DLC/ICU
Transcribing agency CGU
Modifying agency BD-DhUET
082 0# - DEWEY DECIMAL CLASSIFICATION NUMBER
Classification number 516.83
Item number ALI/1993
100 ## - MAIN ENTRY--PERSONAL NAME
Personal name Ali Ashraf, Md.
245 10 - TITLE STATEMENT
Title Vector analysis with applications
250 ## - EDITION STATEMENT
Edition statement 3rd ed.
260 ## - PUBLICATION, DISTRIBUTION, ETC. (IMPRINT)
Place of publication, distribution, etc. New Delhi
Name of publisher, distributor, etc. Wiley Eastern
Date of publication, distribution, etc. 1993
300 ## - PHYSICAL DESCRIPTION
Extent xv,308p.
Other physical details ill.
Dimensions 23 cm.
504 ## - BIBLIOGRAPHY, ETC. NOTE
Bibliography, etc Includes bibliographies
650 #0 - SUBJECT ADDED ENTRY--TOPICAL TERM
Topical term or geographic name as entry element Vector analysis
942 ## - ADDED ENTRY ELEMENTS (KOHA)
Koha item type General Book
Holdings
Koha out on loan Date acquired Koha issues (times borrowed) Lost status Withdrawn status Damaged status Koha item type Location (home branch) Koha date last seen Koha full call number Shelving location Koha normalized classification for sorting Koha date last borrowed Source of classification or shelving scheme Sublocation or collection (holding branch) Koha renewals Price effective from Not for loan Copy number Piece designation (barcode)
2022-12-272014-11-293   General BookCentral Library, BUET2022-12-13516.83/ALI/1993Circulation section516_830000000000000_ALI_19932022-12-13 Central Library, BUET 2014-11-29 887531
 2014-12-2113   General BookCentral Library, BUET2025-05-13516.83/ALI/1998Circulation section516_830000000000000_ALI_19982025-04-29 Central Library, BUET12014-12-21 287528
 2015-01-27    General BookCentral Library, BUET2016-04-02516.83/ALI/1998Circulation section516_830000000000000_ALI_1998  Central Library, BUET 2015-01-27 387530
 2015-01-316   General BookCentral Library, BUET2025-11-30516.83/ALI/1998Circulation section516_830000000000000_ALI_19982022-12-13 Central Library, BUET 2015-01-31 448783
 2015-02-115   General BookCentral Library, BUET2020-11-03516.83/ALI/1998Circulation section516_830000000000000_ALI_19982020-01-05 Central Library, BUET 2015-02-11 194102
 2015-04-118   General BookCentral Library, BUET2025-11-18516.83/ALI/1993Circulation section516_830000000000000_ALI_19932024-04-02 Central Library, BUET 2015-04-11 787525
 2015-04-236   General BookCentral Library, BUET2025-11-29516.83/ALI/1993Circulation section516_830000000000000_ALI_19932023-09-27 Central Library, BUET 2015-04-23 687526
 2015-05-032   General BookCentral Library, BUET2022-05-25516.83/ALI/1993Circulation section516_830000000000000_ALI_19932022-03-30 Central Library, BUET 2015-05-03 787529
 2015-06-07    Reading ItemCentral Library, BUET2015-06-07516.83/ALI/1993Reading section516_830000000000000_ALI_1993  Central Library, BUET 2015-06-07 987550
 2015-06-07    Reading ItemCentral Library, BUET2015-06-07516.83/ALI/1993Reading section516_830000000000000_ALI_1993  Central Library, BUET 2015-06-07 1092374
 2015-06-08    Reading ItemCentral Library, BUET2015-06-08516.83/ALI/1993Reading section516_830000000000000_ALI_1993  Central Library, BUET 2015-06-08 1294100
 2015-06-14    Reading ItemCentral Library, BUET2015-06-14516.83/ALI/1993Reading section516_830000000000000_ALI_1993  Central Library, BUET 2015-06-14 1387551
 2015-09-02    General BookCentral Library, BUET2017-03-04516.83/ALI/1993Circulation section516_830000000000000_ALI_1993  Central Library, BUET 2015-09-02 1487527